00704nam a2200157 a 450000100100000000500170001000800410002704000250006824501400009326000730023330000260030659000280033270000640036095201050042499900170052900004764220201002060643.0180706s 000 spa d aDO-SdBNPbspacBNPHU 0aProvincia de Barahona - calidad de vida. :bestudio socioeconómico de hogares /cMatilde M. Chávez Bonetti, coordinación general. aSanto Domingo, :bSistema Ùnico de Beneficiarios, SIUBEN,c[20--]. a329 p :bil ;c29 cm. aInventariado, 2020 / DG01aChávez Bonetti, Matilde M.eCoordinación General975090 001050718MOaPDbPDcHDd2018-07-06iLF1l0o p47642-10r2020-06-25w2020-06-25y1ZNo se presta c47130d47130